| 000 | 00715cam a2200205 4500 | ||
|---|---|---|---|
| 001 | WB3607-29 | ||
| 008 | 000000n2000 000 0 eng u | ||
| 035 | _a(Sirsi) u104180 | ||
| 245 | _aRate relief for rural shops to be extended | ||
| 260 | _c2000 | ||
| 490 |
_aDETR News Release _v (86) 7 February 2000 (1) |
||
| 520 | _aRate relief in the 2000 revaluation is to be extended to village shops and post offices, in an attempt to protect rural areas from an adverse impact when the thresholds are increased. | ||
| 590 | _aWB | ||
| 650 | _aRATING REVALUATION 2000 | ||
| 650 | _aVILLAGE SHOPS | ||
| 650 | _aRURAL COMMUNITIES | ||
| 650 | _aPOST OFFICES | ||
| 690 | _aRATING AND LOCAL TAXATION | ||
| 942 | _n0 | ||
| 999 |
_c62521 _d62521 |
||